Statistics for NBA TRIVIA IMPOSSIBLE

Click here to take the quiz!

General Stats

  • This quiz has been taken 1,736 times
    (1,394 since last reset)
  • The average score is 4 of 19

Answer Stats

QuestionAnswer% Correct
How many NBA Championships have the Knicks won2
92%
How many NBA Championships has Bill Russell won11
58%
Who won the NBA MVP Award in 2001Allen Iverson
57%
Who has the most NBA Slam Dunk Contest AwardNate Robinson
51%
What is Kareem Abdul-Jabbar's birth nameLew Alcindor
34%
What player shot the highest Free Throw percentage throughout a single seasonJose Calderon
12%
^In what years did the Knicks win them1970, and 1973
11%
What is Cody Zeller's career FG Percentage43%
10%
What is the name of the NBA player who has the record for quickest foul outBubba Wells
8%
What NBA team did Didier Ilunga-Mbenga win his Championships withLakers
8%
What sports did Allen Iverson play in high schoolBasketball and football
4%
What was Cedric Maxwell's nicknameCornbread
3%
Who was the first NBA All-Star Game MVPEd Macauley
1%
What was Darko Milicic's nicknameThe Human Victory Cigar
1%
^How long did Bubba play before being fouled out2 min, 43 sec
0%
What NBA player played on the most teams in NBA historyChucky Brown
0%
Where did Ray Allen go to high schoolHillcrest High School
0%
Who has attempted the most career 3-Pointers without hitting oneMichael Cage
0%
What was Furken Aldemir's nicknameMr. Rebound
0%

Score Distribution

Percentile by Number Answered

Percent of People with Each Score

Your Score History

You have not taken this quiz since the last reset